El voto de castidad / (Record no. 165125)

MARC details
000 -LEADER
campo de control de longitud fija 00769nam a22002175i 4500
001 - NÚMERO DE CONTROL
campo de control 165125
003 - IDENTIFICADOR DE NÚMERO DE CONTROL
campo de control ES-MaACL
005 - FECHA Y HORA DE LA ÚLTIMA TRANSACCIÓN
campo de control 20230906213054.0
008 - DATOS DE LONGITUD FIJA--INFORMACIÓN GENERAL
campo de control de longitud fija 050812m18881900sp | |||||||| ||spa d
040 ## - FUENTE DE CATALOGACIÓN
Centro catalogador/agencia de origen CAM
Lengua de catalogación spa
Centro/agencia transcriptor CAM
100 1# - ENTRADA PRINCIPAL--NOMBRE DE PERSONA
Nombre de persona Segovia Rocaberti, Enrique.
9 (RLIN) 132625
245 13 - MENCIÓN DEL TÍTULO
Título El voto de castidad /
Mención de responsabilidad, etc. novela original de Enrique Segovia Rocaberti.
260 ## - PUBLICACIÓN, DISTRIBUCIÓN, ETC.
Lugar de publicación, distribución, etc. Madrid :
Nombre del editor, distribuidor, etc. [s.n.],
Fecha de publicación, distribución, etc. [s.a.] (
Fabricante Imprenta Popular, á cargo de Tomás Rey)
300 ## - DESCRIPCIÓN FÍSICA
Extensión 116 p. ;
Dimensiones 19 cm.
490 1# - MENCIÓN DE SERIE
Mención de serie Novelas de El Motín
500 ## - NOTA GENERAL
Nota general Incluye: Collet : el sacerdote ladrón y estafador.
596 ## - NOTA AL PIE DE IMPRENTA
NOTA AL PIE DE IMPRENTA Probablemente impreso entre 1888 y 1900.
830 0# - PUNTO DE ACCESO ADICIONAL DE SERIE-TÍTULO UNIFORME
Título uniforme Novelas de El Motín
9 (RLIN) 222438
852 4# - LOCALIZACIÓN
Ubicación ES-MaACL
Número de control de estantería D-1759
Nota libre -- Legado M. de la Fuente
Holdings
Estatus retirado Estado de pérdida Estado de daño No para préstamo Biblioteca de origen Biblioteca actual Ubicación en estantería Fecha de adquisición Fuente de adquisición Total de préstamos Signatura topográfica completa Código de barras Visto por última vez Precio de reemplazo Tipo de ítem Koha
        Biblioteca del Ateneo de Madrid Biblioteca del Ateneo de Madrid Sala Valle Inclán 17/01/2008     D-1759 901173139 23/02/2023 23/02/2023 Libro impreso